Atlas de geomorfología

Na minha lista:
Detalhes bibliográficos
Principais autores: Martínez de Pisón, Eduardo (autor), Tello, Blanca (Autor)
Formato: Livro
Idioma:espanhol
Publicado em: Madrid Alianza 1986
Assuntos:
Tags: Adicionar Tag
Sem tags, seja o primeiro a adicionar uma tag!

MARC

LEADER 00000nam a2200000 a 4500
001 UCX4625
003 CL-VaPUC
008 920625e19860000SP |||||||||||||||||spa|d
082 0 4 |a 551.40946  |b MAR  |2 21 
100 |a Martínez de Pisón, Eduardo  |e autor  |9 561529 
700 0 |a Tello, Blanca  |e author  |9 320845 
245 1 0 |a Atlas de geomorfología 
246 1 0 |a Geomorfología 
300 |a 365 p 
942 |c BK 
945 |d 19920625 00:00:00 
260 |a Madrid  |b Alianza  |c 1986 
650 0 |a Geomorfología   |9 261377 
651 0 |a España  |9 254926 
583 |a last modification  |c 19920625 00:00:00  |k Rodrigo Vera 
999 |c 225044  |d 225042 
952 |0 0  |1 0  |4 0  |6 551_409460000000000_MAR_1986  |7 0  |8 P  |9 222210  |a BIBARQ  |b BIBARQ  |d 2019-11-15  |i 3258289  |o 551.40946 MAR 1986  |p 3258289  |r 2025-01-20  |w 2019-11-15  |y BK  |k ARQ